| 000 | 00869cab a22002175a 4500 | ||
|---|---|---|---|
| 001 | L157632 | ||
| 008 | 130208e20130202xxk 000 0 eng d | ||
| 035 | _a(Sirsi) u157632 | ||
| 041 | 0 | _aeng | |
| 100 | 1 | _aHeighton, Mark | |
| 245 | 0 | 0 | _aGoing private in the public sector |
| 260 | _c2013 | ||
| 490 |
_aEstates Gazette _v(1305) 2 February 2013 |
||
| 520 | _aConsiders what real estate investors should consider when investing in the public sector now that PF2 has now replaced PFI and is the government's new approach to seeking private sector investment in public infrastructure. Includes advice about development risk, insolvency and covenant strength risk and statutory powers and restrictions. | ||
| 590 | _aKA | ||
| 651 | 4 | _aUnited Kingdom | |
| 690 |
_aInfrastructure _96246 |
||
| 690 |
_aProject management _96261 |
||
| 700 | 1 | _aSmith, Paul | |
| 942 | _n0 | ||
| 999 |
_c84424 _d84424 |
||